000
00270nam a22001097a 4500
082
_a
925 LOE'C
100
_a
LOEWENBERG, BERT JAMES
_9
57587
245
_a
CHARLES DARWIN EVOLUTION AND NATIONAL SELECTION
260
_a
BOSTON
_b
BEACON
_c
1959
300
_a
438P
942
_c
BK
999
_c
567858
_d
567858